[Event "26th WSCC 2016 Open 65+"]
[Site "Marianske Lazne, Czech Republic - Hotel Cristal and Continental"]
[Date "2016.11.20"]
[Round "2.32"]
[White "Ruckschloss, Karol"]
[Black "Reynolds, D Ian W"]
[Result "1-0"]
[WhiteElo "2255"]
[BlackElo "2040"]
[PlyCount "65"]
[EventDate "2016.11.19"]

1. c4 e5 2. Nc3 Nf6 3. g3 c6 4. d4 exd4 5. Qxd4 Na6 6. Bg2 Bc5 7. Qd2 O-O 8.
Nf3 d5 9. cxd5 cxd5 10. O-O Re8 11. Nb5 Ne4 12. Qd1 Nc7 13. Nxc7 Qxc7 14. e3
Be6 15. b3 Qb6 16. Bb2 Rad8 17. Nd4 Bc8 18. Rc1 Bf8 19. Ne2 Qh6 20. Nf4 Be6 21.
Rc7 Re7 22. Rc2 Red7 23. Qd4 b6 24. Rc6 Rd6 25. Rfc1 Qf6 26. Bxe4 Qxd4 27.
Bxh7+ Kxh7 28. Bxd4 Bf5 29. f3 g5 30. Nh5 Kg6 31. g4 Bd7 32. Rc7 a5 33. Rb7 1-0

[Event "26th WSCC 2016 Open 65+"]
[Site "Marianske Lazne, Czech Republic - Hotel Cristal and Continental"]
[Date "2016.11.20"]
[Round "2.33"]
[White "Kock, Hans-Uwe"]
[Black "Pribyl, Josef"]
[Result "1/2-1/2"]
[WhiteElo "2037"]
[BlackElo "2252"]
[PlyCount "198"]
[EventDate "2016.11.19"]

1. d4 d5 2. Nf3 Nf6 3. c4 e6 4. Nc3 c5 5. e3 Nc6 6. cxd5 Nxd5 7. Be2 cxd4 8.
Nxd4 Nxc3 9. bxc3 Bd7 10. O-O Be7 11. Rb1 Na5 12. Bf3 e5 13. Nb3 Nc6 14. Qe2
O-O 15. Rd1 Qc7 16. Bd5 Rad8 17. e4 Qc8 18. Be3 b6 19. Nd2 Na5 20. c4 Bg4 21.
f3 Be6 22. Rdc1 Nc6 23. Nb3 Ba3 24. Rd1 Ne7 25. Bc1 Bd6 26. Bb2 Nxd5 27. cxd5
Bd7 28. Rdc1 Qb7 29. Bc3 Qa8 30. Qb2 f6 31. Be1 Rc8 32. Bf2 Rxc1+ 33. Rxc1 Rc8
34. Be3 Rxc1+ 35. Qxc1 Qc8 36. g3 Qa6 37. Qc2 Bh3 38. Qf2 Qd3 39. Nd2 h5 40.
Qe1 Bb4 41. Kf2 Bd7 42. Qb1 Bb5 43. Qxd3 Bxd3 44. Nb3 Bb1 45. Nc1 Ba3 46. Ke2
Kf7 47. Kd1 Ke7 48. Ne2 Bxa2 49. Kc2 Bc4 50. Nc3 Kd7 51. f4 Bb4 52. fxe5 fxe5
53. Bd2 Bc5 54. Nd1 a5 55. Ne3 Be2 56. Nf5 Bf8 57. Bc3 g6 58. Nh4 Bg7 59. Nxg6
Kd6 60. Nh4 Bg4 61. Kd3 a4 62. Ng2 b5 63. Bb4+ Kd7 64. Ne3 Bh6 65. Nc2 Kc7 66.
Na3 Bd7 67. Nb1 Bh3 68. Na3 Bf1+ 69. Kc2 Be3 70. Nb1 Bg1 71. Nd2 Be2 72. h3 Bf2
73. g4 hxg4 74. hxg4 Bxg4 75. Nb1 Kb6 76. Bd6 Bd4 77. Kd3 Kb7 78. Nc3 Bh3 79.
Kc2 Kb6 80. Na2 Bg2 81. Kd3 Bf1+ 82. Kc2 Bc4 83. Nc1 Kb7 84. Bb4 Kc7 85. Ba5+
Kd6 86. Nd3 Bxd3+ 87. Kxd3 Kc5 88. Bd8 b4 89. Be7+ Kb5 90. d6 Bc5 91. Bf8 a3
92. Kc2 Kc4 93. d7 b3+ 94. Kd2 Bb6 95. Bxa3 Kd4 96. Bb2+ Kxe4 97. Kc3 Kd5 98.
Kxb3 Bd8 99. Bxe5 Kxe5 1/2-1/2

[Event "26th WSCC 2016 Open 65+"]
[Site "Marianske Lazne, Czech Republic - Hotel Cristal and Continental"]
[Date "2016.11.20"]
[Round "2.34"]
[White "Braun, Gottfried"]
[Black "Batakovs, Olegs"]
[Result "1/2-1/2"]
[WhiteElo "2242"]
[BlackElo "2034"]
[PlyCount "94"]
[EventDate "2016.11.19"]

1. e4 c5 2. c3 d6 3. d4 Nf6 4. Bd3 g6 5. dxc5 dxc5 6. e5 Nd5 7. Be4 e6 8. Nf3
Bg7 9. Na3 h6 10. Nb5 Nc6 11. Nd6+ Ke7 12. Bxd5 exd5 13. Qxd5 Bxe5 14. Nxe5 Be6
15. Qxc6 bxc6 16. Nxc6+ Kxd6 17. Nxd8 Raxd8 18. O-O Kc6 19. Be3 Rd3 20. Rfd1
Rxd1+ 21. Rxd1 g5 22. b4 cxb4 23. cxb4 Bxa2 24. Bxa7 Kb5 25. Bc5 Re8 26. f3 Re5
27. Kf2 h5 28. g3 Rd5 29. Rxd5 Bxd5 30. Ke3 f5 31. f4 g4 32. Kd4 Be4 33. Ke5
Kc6 34. Ke6 Bd3 35. Kf6 Be4 36. Kg5 Bd3 37. Kxh5 Be4 38. Kh4 Bf3 39. Kg5 Be4
40. Kf6 Bd3 41. Kg5 Be4 42. Kh4 Bf3 43. h3 gxh3 44. Kxh3 Bg4+ 45. Kh4 Kb5 46.
Kg5 Bh3 47. Kf6 Bg4 1/2-1/2

[Event "26th WSCC 2016 Open 65+"]
[Site "Marianske Lazne, Czech Republic - Hotel Cristal and Continental"]
[Date "2016.11.20"]
[Round "2.35"]
[White "Hastik, Svatopluk"]
[Black "Huelsmann, Josef"]
[Result "0-1"]
[WhiteElo "2023"]
[BlackElo "2219"]
[PlyCount "56"]
[EventDate "2016.11.19"]

1. d4 e6 2. Nf3 d5 3. c4 c6 4. Nc3 f5 5. Bg5 Nf6 6. Bxf6 Qxf6 7. e3 Bd6 8. Qc2
O-O 9. Be2 b6 10. Qb3 Kh8 11. Rc1 Nd7 12. O-O g5 13. cxd5 exd5 14. g3 Bb7 15.
Rfe1 Rae8 16. Qa4 Bb8 17. Nxd5 cxd5 18. Qxd7 Re7 19. Qb5 h5 20. Nd2 f4 21. exf4
gxf4 22. Bf3 fxg3 23. Rxe7 gxf2+ 24. Kf1 Qxe7 25. Qe2 Qg5 26. Qxf2 Bf4 27. Be2
Kg7 28. Nf3 Bxc1 0-1

[Event "26th WSCC 2016 Open 65+"]
[Site "Marianske Lazne, Czech Republic - Hotel Cristal and Continental"]
[Date "2016.11.20"]
[Round "2.36"]
[White "Racek, Jiri"]
[Black "Karlik, Vladimir"]
[Result "1/2-1/2"]
[WhiteElo "2018"]
[BlackElo "2217"]
[PlyCount "42"]
[EventDate "2016.11.19"]

1. d4 Nf6 2. c4 g6 3. Nc3 Bg7 4. e4 d6 5. f3 O-O 6. Bg5 c5 7. d5 e6 8. Qd2 exd5
9. cxd5 Re8 10. Bb5 Nbd7 11. a4 a6 12. Be2 Ne5 13. f4 Ned7 14. Nf3 Qc7 15. e5
dxe5 16. d6 Qc6 17. O-O h6 18. Nxe5 Ne4 19. Nxc6 Nxd2 20. Ne7+ Kh7 21. Rfd1 Nb3
1/2-1/2

[Event "26th WSCC 2016 Open 65+"]
[Site "Marianske Lazne, Czech Republic - Hotel Cristal and Continental"]
[Date "2016.11.20"]
[Round "2.37"]
[White "Harestad, Thor Geir"]
[Black "Toefferl, Heimo"]
[Result "1/2-1/2"]
[WhiteElo "2211"]
[BlackElo "2033"]
[PlyCount "150"]
[EventDate "2016.11.19"]

1. c4 e6 2. Nf3 d5 3. b3 c5 4. cxd5 exd5 5. Bb2 Nc6 6. g3 f6 7. Bg2 Be6 8. O-O
Qd7 9. d4 Nh6 10. Nc3 Rd8 11. Rc1 b6 12. Re1 cxd4 13. Nxd4 Nxd4 14. Qxd4 Bc5
15. Qa4 Ng4 16. Qxd7+ Rxd7 17. e3 Kf7 18. Rcd1 Rhd8 19. Nb5 Ne5 20. h3 Nc6 21.
Nd4 Bxd4 22. Bxd4 Bf5 23. g4 Be4 24. f3 Bg6 25. Rd2 h5 26. Bf1 hxg4 27. hxg4
Re7 28. Kf2 Bh7 29. Bb5 Ne5 30. Rc1 g5 31. Kg3 f5 32. Rh2 Bg6 33. gxf5 Bxf5 34.
Rh6 Ng6 35. Rh5 Rd6 36. Rxg5 Ke6 37. Ba6 Nf8 38. Rh1 Bg6 39. Rh4 Rf7 40. Rh8
Ke7 41. Bb2 Nd7 42. Bb5 Rf5 43. Rxf5 Bxf5 44. Kf4 Bb1 45. a3 a6 46. Bf1 Nc5 47.
Bd4 Nxb3 48. Bxa6 Nc5 49. Bf1 Nd3+ 50. Bxd3 Bxd3 51. Rb8 Bc4 52. Bxb6 Rf6+ 53.
Kg3 Kd7 54. a4 Be2 55. f4 Rg6+ 56. Kf2 Bd3 57. Bd4 Be4 58. Rb7+ Kc8 59. Rg7 Ra6
60. Kg3 Rxa4 61. Rf7 Kd8 62. Kg4 Ke8 63. Rb7 Ra2 64. Kg5 Rg2+ 65. Kf6 Rg6+ 66.
Ke5 Rh6 67. Bc5 Rh5+ 68. Kd4 Rh1 69. Re7+ Kd8 70. Rf7 Ke8 71. Rf8+ Kd7 72. f5
Rc1 73. Ba7 Ke7 74. Rb8 Kf6 75. Rf8+ Ke7 1/2-1/2

[Event "26th WSCC 2016 Open 65+"]
[Site "Marianske Lazne, Czech Republic - Hotel Cristal and Continental"]
[Date "2016.11.20"]
[Round "2.38"]
[White "Gromark, Per-Olof"]
[Black "Babula, Milan"]
[Result "0-1"]
[WhiteElo "2015"]
[BlackElo "2210"]
[PlyCount "58"]
[EventDate "2016.11.19"]

1. Nf3 f5 2. g3 Nf6 3. Bg2 g6 4. d4 Bg7 5. b3 O-O 6. Bb2 e6 7. O-O d6 8. c4 Qe7
9. Nbd2 Nbd7 10. Qc2 c5 11. e4 cxd4 12. Nxd4 e5 13. Nb5 Nc5 14. Nc3 Be6 15. Ba3
Rac8 16. Bxc5 Rxc5 17. Qd3 a6 18. Rac1 Rfc8 19. Na4 R5c7 20. Nb6 Rd8 21. Qe3
Qf8 22. Nd5 Bxd5 23. cxd5 Bh6 24. f4 exf4 25. gxf4 Rxc1 26. Rxc1 Re8 27. Qg3
Nh5 28. Qf2 Nxf4 29. Rc7 Nxd5 0-1

[Event "26th WSCC 2016 Open 65+"]
[Site "Marianske Lazne, Czech Republic - Hotel Cristal and Continental"]
[Date "2016.11.20"]
[Round "2.39"]
[White "Zilbert, Oleg"]
[Black "Diaz Franco, Francisco Jorge"]
[Result "1-0"]
[WhiteElo "2208"]
[BlackElo "2019"]
[PlyCount "77"]
[EventDate "2016.11.19"]

1. e4 e5 2. Nf3 d6 3. Bc4 Be7 4. d4 exd4 5. Nxd4 Nf6 6. Nc3 O-O 7. f3 Nc6 8.
Nxc6 bxc6 9. O-O a5 10. a4 Be6 11. Bxe6 fxe6 12. Qe2 e5 13. Qc4+ d5 14. Qxc6 d4
15. Nb5 Bd6 16. Bd2 Qe7 17. Kh1 Kh8 18. c3 Nh5 19. cxd4 exd4 20. Nxd6 cxd6 21.
Qd5 Qe5 22. Qc4 Rfc8 23. Qd3 d5 24. Rfe1 Rc4 25. exd5 Qxd5 26. Re5 Qxe5 27.
Qxc4 Re8 28. Qb5 Nf6 29. Bxa5 Qf4 30. Qc4 Qf5 31. Bd2 d3 32. Qf7 h6 33. h3 Re2
34. Rd1 Qe5 35. Bc3 Qg3 36. Rg1 Rxg2 37. Rxg2 Qxh3+ 38. Kg1 Qxf3 39. Qxg7# 1-0

[Event "26th WSCC 2016 Open 65+"]
[Site "Marianske Lazne, Czech Republic - Hotel Cristal and Continental"]
[Date "2016.11.20"]
[Round "2.40"]
[White "Goga, Frantisek"]
[Black "Sobolevsky, Leonid"]
[Result "1/2-1/2"]
[WhiteElo "2014"]
[BlackElo "2207"]
[PlyCount "94"]
[EventDate "2016.11.19"]

1. e4 c5 2. Nf3 Nc6 3. Bb5 Qc7 4. Bxc6 dxc6 5. O-O Bg4 6. h3 Bh5 7. d3 Nf6 8.
Bg5 O-O-O 9. Qe2 Nd7 10. Nbd2 f6 11. Bh4 e5 12. g4 Bf7 13. Bg3 h5 14. Kg2 Be7
15. Nh4 Nf8 16. f4 exf4 17. Bxf4 Qd7 18. Nf5 Ne6 19. Nxe7+ Qxe7 20. Bg3 Nd4 21.
Qd1 Qd7 22. c3 Nb5 23. a4 Qxd3 24. axb5 Qxd2+ 25. Qxd2 Rxd2+ 26. Rf2 Rxf2+ 27.
Kxf2 Rd8 28. bxc6 h4 29. Bf4 a6 30. cxb7+ Kxb7 31. Be3 Bg6 32. Bxc5 Bxe4 33.
Bd4 Rd6 34. Ra5 g5 35. b4 Bd3 36. Ra1 f5 37. Rd1 Be4 38. Re1 Kc6 39. gxf5 Bxf5
40. Re5 Bxh3 41. Rxg5 Be6 42. Rh5 h3 43. Kg3 Rd8 44. Rg5 Rd7 45. Rc5+ Kb7 46.
Rg5 Rd8 47. Rg7+ Bd7 1/2-1/2

[Event "26th WSCC 2016 Open 65+"]
[Site "Marianske Lazne, Czech Republic - Hotel Cristal and Continental"]
[Date "2016.11.20"]
[Round "2.41"]
[White "Furman, Boris"]
[Black "Harding, Tim D"]
[Result "1-0"]
[WhiteElo "2207"]
[BlackElo "2015"]
[PlyCount "81"]
[EventDate "2016.11.19"]

1. d4 d5 2. c4 c6 3. cxd5 cxd5 4. Nc3 Nf6 5. Bf4 Nc6 6. e3 Bg4 7. f3 Bd7 8. Bd3
e6 9. Bg5 h6 10. Bh4 Be7 11. f4 g5 12. fxg5 Ne4 13. Bxe4 dxe4 14. Nxe4 hxg5 15.
Bg3 Qa5+ 16. Nc3 b5 17. Qd2 Rc8 18. Nge2 Nb4 19. O-O Bc6 20. e4 Qb6 21. Kh1 Qb7
22. d5 exd5 23. Nd4 O-O 24. Nxc6 Rxc6 25. exd5 Rc4 26. d6 Bd8 27. a4 a6 28.
axb5 axb5 29. Rf5 Qd7 30. Raf1 Kg7 31. Rxb5 Qg4 32. Rb7 Bf6 33. Rxf6 Kxf6 34.
Rxb4 Ra8 35. Nd5+ Kg7 36. Be5+ Kg6 37. Qd3+ f5 38. h3 Rc1+ 39. Kh2 Qd1 40. Ne7+
Kf7 41. Qxf5+ 1-0

[Event "26th WSCC 2016 Open 65+"]
[Site "Marianske Lazne, Czech Republic - Hotel Cristal and Continental"]
[Date "2016.11.20"]
[Round "2.43"]
[White "Haubt, Georg"]
[Black "Doubleday, William G"]
[Result "1-0"]
[WhiteElo "2205"]
[BlackElo "2013"]
[PlyCount "81"]
[EventDate "2016.11.19"]

1. d4 d5 2. Bf4 c5 3. c3 e6 4. e3 Qb6 5. Qc2 Nc6 6. Nf3 Nf6 7. Nbd2 Be7 8. h3
Bd7 9. Ne5 Rc8 10. dxc5 Bxc5 11. Ndf3 Nxe5 12. Nxe5 Bb5 13. Nd3 Be7 14. a4 Bc4
15. Be2 O-O 16. O-O a5 17. Rfe1 h6 18. Ne5 Bxe2 19. Qxe2 Rfd8 20. Rec1 Nd7 21.
Qg4 Nxe5 22. Bxe5 Bf8 23. c4 dxc4 24. Rxc4 Rxc4 25. Qxc4 Qc5 26. Qe4 Qb4 27.
Qf3 Rd5 28. Bc3 Qc4 29. e4 Rc5 30. h4 b6 31. g3 Rc8 32. Kh2 Rd8 33. Qg4 f5 34.
Qg6 fxe4 35. Re1 Rd6 36. Rxe4 Qf1 37. Rf4 Rd8 38. Qxe6+ Kh7 39. Rf7 Qd3 40.
Qxb6 Qd5 41. Qc7 1-0

[Event "26th WSCC 2016 Open 65+"]
[Site "Marianske Lazne, Czech Republic - Hotel Cristal and Continental"]
[Date "2016.11.20"]
[Round "2.44"]
[White "Andreas, Guenter"]
[Black "Singer, Hans"]
[Result "0-1"]
[WhiteElo "2006"]
[BlackElo "2202"]
[PlyCount "80"]
[EventDate "2016.11.19"]

1. e4 c5 2. Nf3 e6 3. d4 cxd4 4. Nxd4 Nc6 5. Be2 Qc7 6. c3 Nf6 7. Bf3 Ne5 8.
O-O a6 9. g3 Nxf3+ 10. Qxf3 b6 11. e5 Bb7 12. Qe2 Nd5 13. Nd2 Be7 14. f4 f5 15.
N2f3 Rc8 16. Bd2 O-O 17. Rac1 b5 18. h3 Qc4 19. b3 Qxe2 20. Nxe2 Rc7 21. Nfd4
Rfc8 22. Nc2 Bc5+ 23. Kh2 Bb6 24. Ncd4 Kf7 25. g4 g6 26. gxf5 exf5 27. Kg3 Ne7
28. Nf3 Bxf3 29. Rxf3 Rc6 30. Rd3 d5 31. exd6 Rd8 32. Be3 Bxe3 33. Rxe3 Rcxd6
34. c4 Rd2 35. a3 bxc4 36. bxc4 Ng8 37. Kf3 Nf6 38. Ng3 h5 39. Ne2 Ne4 40. Ng3
Rf2# 0-1

[Event "26th WSCC 2016 Open 65+"]
[Site "Marianske Lazne, Czech Republic - Hotel Cristal and Continental"]
[Date "2016.11.20"]
[Round "2.45"]
[White "Gergel, Vladimir P"]
[Black "Wheeler, Robert"]
[Result "1/2-1/2"]
[WhiteElo "2201"]
[BlackElo "2007"]
[PlyCount "102"]
[EventDate "2016.11.19"]

1. e4 c5 2. Nf3 e6 3. d4 cxd4 4. Nxd4 a6 5. Bd3 Qc7 6. O-O Nc6 7. Be3 Nge7 8.
Nc3 Nxd4 9. Bxd4 Nc6 10. Be3 b5 11. a4 b4 12. Ne2 Bb7 13. f4 d6 14. Qe1 Be7 15.
b3 Rc8 16. Rc1 Bf6 17. Qf2 Qb8 18. g4 Be7 19. g5 Qc7 20. Nd4 Nxd4 21. Bxd4 Qc6
22. Rce1 f6 23. Qh4 e5 24. fxe5 dxe5 25. Be3 Kd8 26. gxf6 gxf6 27. Kh1 Kc7 28.
Ba7 Rcg8 29. Rf5 Rg7 30. Qf2 Bc8 31. Rf3 Rg6 32. a5 Rhg8 33. Qb6+ Qxb6 34.
Bxb6+ Kb8 35. Bc4 R8g7 36. Bd5 Rg2 37. Rf2 Rxf2 38. Bxf2 Bb7 39. Rd1 Bc8 40.
Rd3 Bg4 41. c4 bxc3 42. Rxc3 Bd7 43. Bb6 Bd6 44. Bd8 Rg6 45. Rf3 Bc5 46. h3 Bd4
47. Bxf6 Bxh3 48. Rxh3 Rxf6 49. Rxh7 Bc3 50. Rb7+ Kc8 51. b4 Rd6 1/2-1/2

[Event "26th WSCC 2016 Open 65+"]
[Site "Marianske Lazne, Czech Republic - Hotel Cristal and Continental"]
[Date "2016.11.20"]
[Round "2.46"]
[White "Sejkora, Vlastimil"]
[Black "Vatansever, Abdullah"]
[Result "1-0"]
[WhiteElo "2195"]
[BlackElo "1938"]
[PlyCount "63"]
[EventDate "2016.11.19"]

1. e4 e5 2. Nf3 Nc6 3. Bb5 a6 4. Bxc6 dxc6 5. O-O Bg4 6. h3 Bxf3 7. Qxf3 Nf6 8.
d3 h6 9. Be3 g6 10. Nd2 Bg7 11. Nc4 Nd7 12. Rad1 c5 13. c3 Qe7 14. a3 O-O 15.
b4 b6 16. Qg3 g5 17. Bc1 Rfe8 18. Ne3 cxb4 19. cxb4 Qe6 20. Nf5 Nf8 21. h4 f6
22. d4 Ng6 23. d5 Qd7 24. Qg4 Kh7 25. hxg5 fxg5 26. Bxg5 hxg5 27. Qh5+ Kg8 28.
Qxg6 Kf8 29. Rd3 Qf7 30. Qxg5 Qf6 31. Qh5 Qf7 32. Qh7 1-0

[Event "26th WSCC 2016 Open 65+"]
[Site "Marianske Lazne, Czech Republic - Hotel Cristal and Continental"]
[Date "2016.11.20"]
[Round "2.47"]
[White "Pitzl, Konstantinos"]
[Black "Titz, Heimo"]
[Result "0-1"]
[WhiteElo "2004"]
[BlackElo "2189"]
[PlyCount "124"]
[EventDate "2016.11.19"]

1. Nf3 Nf6 2. c4 c5 3. Nc3 g6 4. g3 b6 5. Bg2 Bb7 6. O-O Bg7 7. e3 O-O 8. d4
Ne4 9. Qc2 Nxc3 10. bxc3 Nc6 11. Rd1 d6 12. Rb1 Qc7 13. e4 Na5 14. Bf1 Ba6 15.
dxc5 Qxc5 16. Be3 Qc8 17. Rbc1 Bxc4 18. Bg2 Qc7 19. e5 dxe5 20. h4 Rac8 21. h5
Be6 22. hxg6 hxg6 23. Nh4 Nc4 24. Bg5 Qc5 25. Be4 Rc7 26. Nxg6 fxg6 27. Bxg6 e4
28. Bf4 Nd6 29. Be3 Qe5 30. Bd4 Qg5 31. Bxg7 Kxg7 32. Bxe4 Rc4 33. Bg2 Rc5 34.
Re1 Qf6 35. Qd2 Re5 36. Rxe5 Qxe5 37. Re1 Qf6 38. f4 Bg4 39. Qd5 Rc8 40. Re5
Rc5 41. Qd4 Nf5 42. Qe4 Rxc3 43. Qe1 Rxg3 44. Rxf5 Rxg2+ 45. Kxg2 Bxf5 46. Qb4
a5 47. Qa3 Be4+ 48. Kg3 Qg6+ 49. Kh4 Qd6 50. Qg3+ Qg6 51. Qe3 Qf6+ 52. Kg3 Bf5
53. Kf3 Be6 54. Kg3 Qg6+ 55. Kf2 Qf6 56. a3 b5 57. Qg3+ Kf7 58. Qe3 b4 59. axb4
axb4 60. Qe4 b3 61. Qh7+ Kf8 62. Qd3 b2 0-1

[Event "26th WSCC 2016 Open 65+"]
[Site "Marianske Lazne, Czech Republic - Hotel Cristal and Continental"]
[Date "2016.11.20"]
[Round "2.48"]
[White "Kierzek, Matthias"]
[Black "Svec, Ludek"]
[Result "1-0"]
[WhiteElo "2189"]
[BlackElo "1702"]
[PlyCount "59"]
[EventDate "2016.11.19"]

1. d4 Nf6 2. c4 e6 3. Nf3 Bb4+ 4. Bd2 Qe7 5. g3 b6 6. Bg2 Bb7 7. O-O a5 8. Bg5
h6 9. Bxf6 Qxf6 10. a3 Be7 11. Nc3 Na6 12. e4 g5 13. e5 Qg7 14. d5 O-O 15. Qe2
c5 16. Nd2 Kh8 17. d6 Bxg2 18. dxe7 Bxf1 19. exf8=Q+ Rxf8 20. Rxf1 f5 21. exf6
Qxf6 22. Nde4 Qg6 23. Qd2 Nb8 24. Qd6 Qg7 25. Rd1 g4 26. Ne2 e5 27. Qxb6 Nc6
28. Qxc5 Qf7 29. Qd6 Qh7 30. Qxf8+ 1-0

[Event "26th WSCC 2016 Open 65+"]
[Site "Marianske Lazne, Czech Republic - Hotel Cristal and Continental"]
[Date "2016.11.20"]
[Round "2.49"]
[White "Usselman, Paul"]
[Black "Kolbak, Jens"]
[Result "0-1"]
[WhiteElo "1798"]
[BlackElo "2189"]
[PlyCount "60"]
[EventDate "2016.11.19"]

1. Nf3 Nf6 2. g3 c5 3. Bg2 Nc6 4. O-O g6 5. c4 Bg7 6. Nc3 d6 7. d3 O-O 8. Rb1
Bd7 9. a3 Rc8 10. e3 Re8 11. Qc2 b6 12. b4 e6 13. b5 Na5 14. a4 Qe7 15. e4 h6
16. Re1 Ng4 17. h3 Ne5 18. Nd2 g5 19. f4 gxf4 20. gxf4 Ng6 21. Nf3 Nh4 22. Nxh4
Qxh4 23. Be3 Kh8 24. Ne2 Rg8 25. Bf2 Qf6 26. Kh1 d5 27. Rbd1 Rcd8 28. e5 Qf5
29. Bh4 Rdf8 30. Ng3 Qxf4 0-1

[Event "26th WSCC 2016 Open 65+"]
[Site "Marianske Lazne, Czech Republic - Hotel Cristal and Continental"]
[Date "2016.11.20"]
[Round "2.50"]
[White "Londin, Milan"]
[Black "Malmdin, Nils-Ake"]
[Result "0-1"]
[WhiteElo "1754"]
[BlackElo "2182"]
[PlyCount "52"]
[EventDate "2016.11.19"]

1. e4 g6 2. d4 Bg7 3. c3 d5 4. e5 c5 5. Bd3 Nc6 6. Ne2 Nh6 7. Be3 Ng4 8. h3
Nxe3 9. fxe3 Bh6 10. Nf4 O-O 11. O-O f6 12. Qc2 fxe5 13. Bxg6 exf4 14. Bxh7+
Kh8 15. exf4 cxd4 16. Nd2 Qd6 17. Nf3 Rxf4 18. Rae1 Rf7 19. Bg6 Rf6 20. Bh5 Bf5
21. Qd1 Be3+ 22. Kh1 e5 23. Nh4 Bh7 24. Rf3 e4 25. Rexe3 dxe3 26. Rxe3 Raf8 0-1

[Event "26th WSCC 2016 Open 65+"]
[Site "Marianske Lazne, Czech Republic - Hotel Cristal and Continental"]
[Date "2016.11.20"]
[Round "2.51"]
[White "Svoboda, Jaroslav"]
[Black "Golcman, Evgeny"]
[Result "0-1"]
[WhiteElo "1712"]
[BlackElo "2164"]
[PlyCount "52"]
[EventDate "2016.11.19"]

1. d4 c5 2. dxc5 e6 3. Nf3 Bxc5 4. g3 Nf6 5. e3 d5 6. Bg2 Nc6 7. O-O O-O 8. a4
e5 9. c3 Bf5 10. b4 Bd6 11. Nbd2 Qd7 12. Nb3 Bh3 13. b5 Ne7 14. Ba3 Bxg2 15.
Kxg2 Rfc8 16. Bxd6 Qxd6 17. Na5 Rxc3 18. Qd2 Ne4 19. Qa2 Rac8 20. Rad1 Ra3 21.
Qb2 Rxa4 22. Nxb7 Qb6 23. Nxe5 Qxb7 24. f3 Nc3 25. Rd2 Qxb5 26. Kh3 Qxf1+ 0-1

[Event "26th WSCC 2016 Open 65+"]
[Site "Marianske Lazne, Czech Republic - Hotel Cristal and Continental"]
[Date "2016.11.20"]
[Round "2.54"]
[White "Blaushtain, Boris"]
[Black "Boehnisch, Manfred"]
[Result "1/2-1/2"]
[WhiteElo "1991"]
[BlackElo "2297"]
[PlyCount "76"]
[EventDate "2016.11.19"]

1. c4 c6 2. d4 d5 3. e3 Nf6 4. Nc3 g6 5. Bd3 Bg7 6. Nf3 O-O 7. O-O Bg4 8. h3
Bxf3 9. Qxf3 e6 10. cxd5 cxd5 11. Bd2 Nc6 12. Rac1 Rc8 13. Bb1 Ne8 14. b3 Nd6
15. Qe2 f5 16. f4 Rf7 17. Kh2 Bf8 18. Na4 b6 19. Nb2 Ne4 20. Nd3 Ba3 21. Rxc6
Rxc6 22. Ne5 Nxd2 23. Qxd2 Rfc7 24. Nxc6 Rxc6 25. Bd3 Qc7 26. Kg1 Bc1 27. Qe2
Rc3 28. Rf3 b5 29. g3 a6 30. Kg2 Qd6 31. h4 h5 32. Rf1 Qb4 33. Rf3 Kg7 34. Rf1
Kf6 35. Rf2 Ke7 36. Kf3 Kd6 37. Qd1 Rc7 38. Re2 Rc3 1/2-1/2

[Event "26th WSCC 2016 Open 65+"]
[Site "Marianske Lazne, Czech Republic - Hotel Cristal and Continental"]
[Date "2016.11.20"]
[Round "2.55"]
[White "Shevelev, Arkady"]
[Black "Hocevar, Nikola"]
[Result "1-0"]
[WhiteElo "2283"]
[BlackElo "1910"]
[PlyCount "65"]
[EventDate "2016.11.19"]

1. e4 c5 2. Nf3 Nc6 3. d4 cxd4 4. Nxd4 Nf6 5. Nc3 d6 6. Be3 Ng4 7. Bb5 Nxe3 8.
fxe3 Bd7 9. O-O Ne5 10. Nf3 Bxb5 11. Nxb5 Qb6 12. Nxe5 dxe5 13. Qd5 e6 14. Qxe5
Rc8 15. Qh5 g6 16. Qe5 Rg8 17. Qf6 Rg7 18. Nd4 h6 19. Rad1 Rh7 20. Rd3 Be7 21.
Qf2 e5 22. Rb3 Qc7 23. Rc3 Qd7 24. Rxc8+ Qxc8 25. Nb5 Qc4 26. Nc3 Qb4 27. Nd5
Qxb2 28. Nxe7 Kxe7 29. Qf6+ Ke8 30. Rd1 Qb6 31. Qxe5+ Qe6 32. Qb8+ Ke7 33. Qd8#
1-0

[Event "26th WSCC 2016 Open 65+"]
[Site "Marianske Lazne, Czech Republic - Hotel Cristal and Continental"]
[Date "2016.11.20"]
[Round "2.56"]
[White "Jorgensen, Jorgen"]
[Black "Mittelbach, Zdenek"]
[Result "1-0"]
[WhiteElo "2217"]
[BlackElo "1944"]
[PlyCount "115"]
[EventDate "2016.11.19"]

1. Nf3 Nf6 2. c4 c5 3. Nc3 b6 4. g3 Bb7 5. Bg2 g6 6. O-O Bg7 7. d4 cxd4 8. Qxd4
O-O 9. Qh4 d6 10. Bh6 Nbd7 11. Bxg7 Kxg7 12. Rfd1 Re8 13. Rac1 Rc8 14. Qd4 Kg8
15. b3 Rc5 16. b4 Rc8 17. e4 Qc7 18. Nd5 Bxd5 19. exd5 Qb7 20. Bh3 Qa6 21. Bf1
Qb7 22. Qd2 Kg7 23. Nd4 a6 24. Nc6 Nf8 25. Bg2 N8d7 26. Qd4 Rc7 27. Re1 Nb8 28.
Re3 e5 29. Qd1 Qc8 30. Ra3 Qb7 31. Qd3 e4 32. Qd4 Nxc6 33. dxc6 Rxc6 34. Re1
Qc8 35. Bf1 Re5 36. Rae3 Kg8 37. b5 axb5 38. cxb5 Rcc5 39. Qxd6 Qe6 40. Qxe6
Rxe6 41. h3 Nd5 42. Rxe4 Rxe4 43. Rxe4 Rc2 44. Bc4 Nc3 45. Re8+ Kg7 46. Re7 Kh6
47. Rxf7 Ne4 48. Bd3 Rc1+ 49. Kg2 Nc5 50. Bf1 Rc2 51. h4 Rxa2 52. g4 Rd2 53.
Kf3 g5 54. Rf6+ Kg7 55. hxg5 Nd7 56. Re6 Rd4 57. Ke3 Rd5 58. f4 1-0

[Event "26th WSCC 2016 Open 65+"]
[Site "Marianske Lazne, Czech Republic - Hotel Cristal and Continental"]
[Date "2016.11.20"]
[Round "2.57"]
[White "Wahlbom, Magnus"]
[Black "Marcovici, Adrian"]
[Result "1-0"]
[WhiteElo "2215"]
[BlackElo "1906"]
[PlyCount "112"]
[EventDate "2016.11.19"]

1. e4 c5 2. Nf3 e6 3. d4 cxd4 4. Nxd4 a6 5. c4 Nf6 6. Nc3 Qc7 7. Qc2 Nc6 8.
Nxc6 dxc6 9. Be2 e5 10. O-O Be7 11. Be3 O-O 12. Na4 c5 13. Nc3 Be6 14. Rac1
Rac8 15. a4 Rfd8 16. Nd5 Bxd5 17. cxd5 Nd7 18. b4 Qd6 19. Bg4 b6 20. a5 h5 21.
bxc5 bxc5 22. Bxh5 Rb8 23. Rb1 Rb5 24. Bd2 Rdb8 25. Be2 Rxb1 26. Rxb1 Rxb1+ 27.
Qxb1 Qb8 28. Qc2 Qb7 29. g3 Nb8 30. Qc4 Bd6 31. Be3 Qc7 32. Qa4 Kf8 33. Bc4 Qb7
34. Qc2 Qb4 35. Bd2 Qb7 36. Kg2 f6 37. Be2 g6 38. Bc4 Kg7 39. Qb3 Qxb3 40. Bxb3
Kf7 41. f4 Ke7 42. Kf3 Bc7 43. Kg4 Bd6 44. Bc4 Kf7 45. h4 Kg7 46. f5 Bf8 47.
fxg6 Kxg6 48. h5+ Kf7 49. Kf5 Bg7 50. Be3 Bf8 51. g4 Bg7 52. Bxc5 Bh6 53. Ba7
Nd7 54. Bxa6 Bd2 55. Bb5 Nf8 56. a6 Bb4 1-0

[Event "26th WSCC 2016 Open 65+"]
[Site "Marianske Lazne, Czech Republic - Hotel Cristal and Continental"]
[Date "2016.11.20"]
[Round "2.58"]
[White "Kazantsev, Valentin"]
[Black "Lind, Jan-Olov"]
[Result "1/2-1/2"]
[WhiteElo "1953"]
[BlackElo "2213"]
[PlyCount "85"]
[EventDate "2016.11.19"]

1. e4 c5 2. Nf3 g6 3. c3 Bg7 4. Be2 e6 5. d3 Nc6 6. O-O Nge7 7. Bg5 O-O 8. Qd2 d5 
9. a4 b6 10. Rd1 Bb7 11. Na3 Qd7 12. h4 f6
13. Be3 e5 14. exd5 Nxd5 15. d4 cxd4 16. cxd4 e4 17. Nh2 f5 18. Bc4 Kh8 19.
Bxd5 Qxd5 20. Nb5 Rad8 21. Bg5 Rd7 22. Bh6 Rfd8 23. Bg5 Re8 24. h5 gxh5 25. Nc3
Qf7 26. d5 Ne5 27. Qe2 Rg8 28. Bf4 Qg6 29. g3 h4 30. Nf1 Nf3+ 31. Kg2 Bf6 32.
a5 Qg4 33. Qe3 hxg3 34. fxg3 Rdg7 35. Kf2 Qh3 36. axb6 axb6 37. Qxb6 Qh1 38.
Qxf6 Qg1+ 39. Ke2 Qg2+ 40. Ke3 Qg1+ 41. Ke2 Qg2+ 42. Ke3 Qg1+ 43. Ke2 1/2-1/2